000
00253nam a2200109Ia 4500
008
220120s9999||||xx |||||||||||||| ||und||
082
_a
621.381 5
100
_a
Taub, Herbert
245
0
_a
Integrated circuits
260
_b
New Delhi
300
_a
910p.
_b
0
999
_c
136318
_d
136318